| Tag |
First Indicator |
Second Indicator |
Subfields |
| LEADER |
00000cam a2200000 i 4500 |
| 001 |
in00000986939 |
| 005 |
20150927160223.0 |
| 008 |
780825s1977 onc bs f00010 eng |
| 010 |
|
|
|a 78311769
|
| 015 |
|
|
|a C***
|
| 020 |
|
|
|a 0662005937
|
| 035 |
|
|
|a (OCoLC)03875399
|
| 035 |
|
|
|9 AEY4285AM
|
| 040 |
|
|
|a DLC
|c DLC
|d m.c.
|d TXA
|d UtOrBLW
|
| 043 |
|
|
|a n-cn---
|
| 049 |
1 |
|
|a TXA2
|
| 050 |
0 |
0 |
|a TD226
|b .T37
|
| 082 |
0 |
|
|a 333.9/1/00971
|
| 090 |
|
|
|a HD1696.C2
|b I2 no. 17
|
| 100 |
1 |
|
|a Tate, Donald M.
|
| 245 |
1 |
0 |
|a Manufacturing water use survey, 1972 :
|b a summary of results /
|c Donald M. Tate.
|
| 264 |
|
1 |
|a Ottawa :
|b Inland Waters Directorate, Water Planning and Management Branch,
|c 1977.
|
| 300 |
|
|
|a vii, 14 pages ;
|c 29 cm.
|
| 336 |
|
|
|a text
|b txt
|2 rdacontent
|
| 337 |
|
|
|a unmediated
|b n
|2 rdamedia
|
| 338 |
|
|
|a volume
|b nc
|2 rdacarrier
|
| 490 |
1 |
|
|a Social science series,
|v no. 17
|
| 504 |
|
|
|a Includes bibliographical references.
|
| 650 |
|
0 |
|a Water use
|z Canada
|x Statistics.
|
| 650 |
|
0 |
|a Water consumption
|z Canada
|x Statistics.
|
| 650 |
|
0 |
|a Factory and trade waste
|z Canada
|x Statistics.
|
| 830 |
|
0 |
|a Social science series (Canada. Inland Waters Directorate) ;
|v no. 17.
|
| 999 |
|
|
|a MARS
|
| 999 |
f |
f |
|s fc5afb45-0d0d-3270-80cb-9e0ee2070ae0
|i 7fc7aa37-6298-34a2-ad56-e5bc09ebcf9e
|t 0
|
| 952 |
f |
f |
|p ric
|a Texas A&M University
|b Rellis Campus
|c Joint Library Facility
|d Remote Storage
|t 0
|e HD1696.C2 I2 no.17
|h Library of Congress classification
|i unmediated -- volume
|m A14810817985
|
| 998 |
f |
f |
|a HD1696.C2 I2 no.17
|t 0
|l Remote Storage
|